000 00647nam a2200205Ii 4500
003 JO-AjNU
008 230606s9999||||xx |||||||||||||| ||und||
020 _a978-0-340-75978-3
040 _aJO-AjNU
_beng
_erda
_cJO-AjNU
041 _aeng
050 1 4 _aPE1135.G29 2000
100 3 _aتأليف Lecumberri,m.Luisa;م.مشاركJohn A.Maidment,
_eauthor
_91601
245 0 0 _aEnglish Transcription Course
264 3 1 _aNew York:Oxford University Press,2000
300 _a156p
336 _atext
_btxt
_2rdacontent
337 _aunmediated
_bn
_2rdamedia
338 _avolume
_bnc
_2rdacarrier
650 4 _aEnglish Transcription Course-English
_91602
999 _aE840
_c840
_d840